| 000 | 00312nam a2200109Ia 4500 | ||
|---|---|---|---|
| 005 | 20251222144903.0 | ||
| 008 | 251222s9999||||xx |||||||||||||| ||spa|| | ||
| 082 | _a869.56/A85T | ||
| 100 | _a"Fuentes, Manuel AtanasioFuente, Marco A. de la VillarĂ¡n, Aureliano" | ||
| 245 | 0 | _aTradiciones desconocidas | |
| 942 | _cLIB | ||
| 999 |
_c22060 _d22060 |
||